[Event "AUTO-OPEN-1211"]
[Site "http://www.queenalice.com/game.php?id=440365"]
[Date "2008.7.28"]
[Round "1"]
[White "Larusso"]
[Black "westchessdf"]
[Result "1/2-1/2"]
[WhiteElo "1609"]
[BlackElo "1637"]

1. e4 c5 2. Bc4 Nc6 3. d4 g6 4. Qf3 e6 5. Ne2 Nge7 6. Qf6 Rg8 7. d5 Bg7 8. Qh4
h5 9. dxc6 bxc6 10. Nbc3 d5 11. exd5 cxd5 12. Bb5+ Bd7 13. Bxd7+ Qxd7 14. O-O
Nf5 15. Qa4 d4 16. Qxd7+ Kxd7 17. Nb5 Rab8 18. Nxa7 Rb7 19. Ng3 Nd6 20. f3 Rxa7
21. Ne4 Nxe4 22. fxe4 Rga8 23. Rxf7+ Kd6 24. Rxa7 Rxa7 25. h3 Ke5 26. a4 Kxe4
27. a5 Kd5 28. Bg5 e5 29. a6 e4 30. Bd8 e3 31. Bb6 Ra8 32. Kf1 Bf6 33. Ra5 Be7
34. a7 Kc6 35. Bxc5 Bxc5 36. b4 Bxa7 37. Ra6+ Kb5 38. Rxg6 Kxb4 39. Rc6 Bc5 40.
g4 hxg4 41. hxg4 Ra1+ 42. Ke2 Rg1 43. Rg6 Kc3 44. Rc6 Rg2+ 45. Kf3 Kxc2 46.
Rxc5+ Kd3 47. Kxg2 e2 48. Re5 Kd2 49. Rxe2+ Kxe2 50. g5 d3 51. g6 d2 52. g7 d1=Q
53. g8=Q Qf1+ 54. Kh2 Qf4+ 55. Qg3 Qxg3+ 56. Kxg3 Kd2 57. Kf3 Kc3 1/2-1/2

[Event "AUTO-OPEN-1211"]
[Site "http://www.queenalice.com/game.php?id=440366"]
[Date "2008.7.28"]
[Round "1"]
[White "westchessdf"]
[Black "Larusso"]
[Result "0-1"]
[WhiteElo "1412"]
[BlackElo "1604"]

1. d4 e6 2. e4 Nf6 3. Nc3 d5 4. Bg5 Be7 5. e5 Ne4 6. Bxe7 Qxe7 7. Bd3 O-O 8.
Nxe4 dxe4 9. Bxe4 Qb4+ 10. c3 Qxb2 11. Ne2 Nc6 12. Qb3 Qxa1+ 13. Bb1 Na5 14. Qc2
Nc4 15. Qb3 Na5 16. Qc2 g6 17. Nc1 b6 18. Nb3 Nxb3 19. Qxb3 Ba6 20. c4 Qxd4 21.
O-O Bxc4 22. Qb4 c5 23. Qa4 Bxf1 0-1

[Event "AUTO-OPEN-1211"]
[Site "http://www.queenalice.com/game.php?id=440367"]
[Date "2008.7.28"]
[Round "1"]
[White "Larusso"]
[Black "Vampyr"]
[Result "0-1"]
[WhiteElo "1500"]
[BlackElo "2152"]

1. e4 c5 2. Nc3 a6 3. Bc4 e6 4. Nf3 Nc6 5. O-O Qc7 6. d4 cxd4 7. Nxd4 Nf6 8.
Nxc6 Qxc6 9. Bg5 Qxc4 10. Bxf6 gxf6 11. Qf3 Be7 12. b3 Qc7 13. Rad1 b5 14. e5
Bb7 15. Qg3 fxe5 16. Qg7 O-O-O 17. Nb1 Rhg8 18. Qxf7 Rxg2+ 19. Kh1 Rg7+ 20. f3
Rxf7 21. Kg1 Qc5+ 22. Rf2 Rxf3 23. Rf1 Rg8+ 24. Kh1 Rxf2# 0-1

[Event "AUTO-OPEN-1211"]
[Site "http://www.queenalice.com/game.php?id=440368"]
[Date "2008.7.28"]
[Round "1"]
[White "Vampyr"]
[Black "Larusso"]
[Result "1-0"]
[WhiteElo "2128"]
[BlackElo "1604"]

1. e4 e5 2. Nf3 Nc6 3. Bc4 Nf6 4. Ng5 d5 5. exd5 Nxd5 6. d4 Nxd4 7. c3 Bc5 8.
cxd4 Bxd4 9. Qf3 O-O 10. Bxd5 Qf6 11. Qxf6 gxf6 12. Ne4 Kg7 13. Nbc3 Bf5 14. O-O
Bxe4 15. Bxe4 Bxc3 16. bxc3 Rad8 17. Be3 Rd6 18. Bc5 Rd2 19. Bxf8+ Kxf8 20. Bxb7
c5 21. c4 h6 22. Bd5 Kg7 23. Rfb1 Kg6 24. Rb7 a5 25. h3 h5 26. Ra7 Rxd5 27. cxd5
h4 28. d6 Kf5 29. d7 c4 30. d8=Q c3 31. Rxf7 c2 32. Rxf6+ Ke4 33. Re1# 1-0

[Event "AUTO-OPEN-1211"]
[Site "http://www.queenalice.com/game.php?id=440369"]
[Date "2008.7.28"]
[Round "1"]
[White "Larusso"]
[Black "diosab"]
[Result "1/2-1/2"]
[WhiteElo "1500"]
[BlackElo "1100"]

1. e4 c5 2. Bc4 d6 3. Nf3 Nf6 4. Nc3 e6 5. d4 cxd4 6. Nxd4 Nc6 7. Bb5 Bd7 8. O-O
Qc7 9. Bxc6 Bxc6 10. Ncb5 Bxb5 11. Nxb5 Qc6 12. a4 Nxe4 13. Qf3 d5 14. Be3 Be7
15. Nd4 Qc7 16. Nb5 Qxc2 17. Rac1 Qxa4 18. Nc7+ Kd7 19. Nxa8 Rxa8 20. Qxf7 Nf6
21. Qxg7 Rg8 22. Qf7 Rxg2+ 23. Kxg2 Qg4+ 24. Kh1 Qf3+ 25. Kg1 Qg4+ 26. Kh1 Qf3+
27. Kg1 Qg4+ 28. Kh1 1/2-1/2

[Event "AUTO-OPEN-1211"]
[Site "http://www.queenalice.com/game.php?id=440370"]
[Date "2008.7.28"]
[Round "1"]
[White "diosab"]
[Black "Larusso"]
[Result "1-0"]
[WhiteElo "1100"]
[BlackElo "1500"]

1. e4 c5 2. Nf3 d6 3. d4 cxd4 4. Nxd4 Nf6 5. Nc3 e5 6. Ndb5 Be7 7. Bg5 Qb6 8.
Bxf6 Bxf6 9. Nd5 Qa5+ 10. c3 Na6 11. Nxd6+ Kd7 12. Nxf6+ gxf6 13. Nc4+ Ke7 14.
Qd6+ Ke8 15. Nxa5 Bd7 16. Qxf6 Rg8 17. Nxb7 Rb8 18. Nd6+ Kf8 19. Qxf7# 1-0

[Event "Challenge"]
[Site "http://www.queenalice.com/game.php?id=440699"]
[Date "2008.7.29"]
[Round "-"]
[White "Larusso"]
[Black "jeancarlo1910"]
[Result "0-1"]
[WhiteElo "1571"]
[BlackElo "1765"]

1. e4 e5 2. Nf3 Nc6 3. d4 d6 4. dxe5 Bg4 5. Bb5 Ne7 6. exd6 Bxf3 7. gxf3 Qxd6 8.
Qxd6 cxd6 9. Nc3 a6 10. Bxc6+ bxc6 11. Bf4 Ng6 12. Ne2 Be7 13. O-O-O Nxf4 14.
Nxf4 Bg5 15. Kb1 Bxf4 16. Rhg1 g5 17. h4 h6 18. h5 O-O-O 19. b3 f6 20. Rd4 Rd7
21. Ra4 Ra7 22. Rd1 Rd8 23. Rdd4 c5 24. Rd5 Be5 25. Kc1 Kc7 26. Ra5 Bc3 27. Ra4
a5 28. Kd1 Re8 29. Kc1 Re5 30. Rxe5 fxe5 31. Rc4 Bd4 32. Rxd4 cxd4 33. a3 Kc6
34. b4 axb4 35. axb4 Ra3 36. Kb2 Rxf3 37. c4 Rxf2+ 38. Ka3 d3 39. b5+ Kb6 40.
c5+ dxc5 41. Kb3 Kxb5 42. Kc3 d2 43. Kc2 g4 44. Kd1 g3 45. Kc2 Kc4 46. Kd1 Kd4
47. Kc2 g2 48. Kd1 c4 49. Kc2 Kxe4 50. Kc3 d1=Q 51. Kxc4 Rc2+ 52. Kb5 Qb1+ 53.
Ka6 g1=Q 54. Ka5 Qh1 55. Ka6 Ra2# 0-1

[Event "Challenge"]
[Site "http://www.queenalice.com/game.php?id=440707"]
[Date "2008.7.29"]
[Round "-"]
[White "jeancarlo1910"]
[Black "Larusso"]
[Result "0-1"]
[WhiteElo "1723"]
[BlackElo "1500"]

1. d4 e6 2. c4 Nf6 3. Bg5 Nc6 4. c5 Be7 5. e3 O-O 6. Nf3 b6 7. Bd3 bxc5 8. Ne5
cxd4 9. Bxf6 Bxf6 10. Bxh7+ Kxh7 11. Qh5+ Kg8 12. Ng4 Nb4 13. Na3 Nd3+ 14. Ke2
Ba6 15. Kd2 c5 16. Nxf6+ Qxf6 17. Qf3 Qxf3 18. gxf3 Nxf2 19. Rhe1 Nd3 20. Rg1
Nxb2 21. Nc2 Nc4+ 22. Kc1 dxe3 23. Re1 Rab8 24. Nxe3 Nxe3 25. Rxe3 Rb4 26. Rb1
Rxb1+ 27. Kxb1 Rb8+ 28. Rb3 Bd3+ 29. Kb2 Rxb3+ 30. axb3 a5 31. Kc3 Bf1 0-1

[Event "Challenge"]
[Site "http://www.queenalice.com/game.php?id=453302"]
[Date "2008.8.25"]
[Round "-"]
[White "ZUMBI"]
[Black "Larusso"]
[Result "0-1"]
[WhiteElo "1660"]
[BlackElo "1513"]

1. e4 c5 2. d4 cxd4 3. Qxd4 Nc6 4. Qa4 e5 5. Nf3 Nf6 6. Nc3 Bc5 7. Bg5 Nb4 8.
Nxe5 Nxc2+ 9. Qxc2 O-O 10. O-O-O d6 11. Nc4 b5 12. Nd5 bxc4 13. Bxc4 h6 14.
Nxf6+ gxf6 15. Bxh6 Re8 16. Bd5 Rb8 17. Qb3 Rxb3 18. Bxb3 Rxe4 19. h4 Bxf2 20.
Bc2 Bf5 21. Bxe4 Qc7+ 22. Kd2 Bxe4 23. Rc1 Qb7 24. b3 Qb4+ 25. Ke2 Qd4 26. Rhd1
Bd3+ 27. Rxd3 Qxh4 28. Rc8+ Kh7 29. Rh3 Qg4+ 30. Kf1 Qxc8 31. Kxf2 Qc2+ 32. Kg3
Qxa2 33. Kh2 Kg6 34. Bf8 d5 35. Rh6+ Kf5 36. b4 d4 37. Bc5 d3 38. Rh5+ Kg4 39.
Rh3 d2 40. Rg3+ Kf4 41. Bd6+ Kf5 42. Rf3+ Ke6 43. Bc5 d1=Q 44. Re3+ Kd7 45. Re7+
Kd8 46. Rxa7 Qh5+ 47. Kg3 Qb3+ 48. Kf4 Qc4+ 49. Ke3 Qce2+ 50. Kd4 Qhe5# 0-1

[Event "Challenge"]
[Site "http://www.queenalice.com/game.php?id=471459"]
[Date "2008.10.1"]
[Round "-"]
[White "Larusso"]
[Black "HanoiTower"]
[Result "0-1"]
[WhiteElo "1559"]
[BlackElo "1963"]

1. e4 c6 2. d4 d5 3. Nc3 dxe4 4. Nxe4 Bf5 5. Qd3 g6 6. Bf4 Bg7 7. Nf3 Na6 8. Be2
Qb6 9. b3 Nb4 10. Qc4 Bxe4 11. Ng5 Bd5 12. Bc7 Bxc4 13. Bxb6 axb6 14. Bxc4 Nxc2+
15. Kd2 Nxa1 16. Rxa1 e6 17. Kd3 Ne7 18. a4 b5 19. Bxe6 fxe6 20. Nxe6 Kf7 21.
Ng5+ Kg8 22. Ne6 Nf5 23. Re1 bxa4 24. bxa4 Rxa4 25. g4 Nxd4 26. Nxg7 Kxg7 27.
Re7+ Kf6 28. Rxb7 h5 29. Rd7 c5 30. Rd6+ Ne6 31. g5+ Ke5 32. Rb6 Rd8+ 33. Ke3
Ra3+ 34. Ke2 Nf4+ 35. Ke1 Ra1+ 36. Rb1 Rxb1# 0-1

[Event "Challenge"]
[Site "http://www.queenalice.com/game.php?id=475148"]
[Date "2008.10.9"]
[Round "-"]
[White "montelo"]
[Black "Larusso"]
[Result "0-1"]
[WhiteElo "1594"]
[BlackElo "1585"]

1. e4 c5 2. c3 d6 3. g3 e5 4. d3 d5 5. Nf3 Bg4 6. exd5 Qxd5 7. Qa4+ Bd7 8. Qb3
Qxf3 9. Rg1 Bd6 10. Bg2 Qxd3 11. Bxb7 Bc6 12. Bxc6+ Nxc6 13. Qb7 Qc2 14. Qxc6+
Ke7 15. Na3 Rc8 16. Qb7+ Rc7 17. Qd5 Nf6 18. Bg5 Qxb2 19. Bxf6+ gxf6 20. Rd1
Qxc3+ 21. Kf1 Rd8 22. Nb5 Qc2 23. Nxc7 Bxc7 24. Rd2 Qxd2 25. Qxd2 Rxd2 26. Kg2
Rxa2 27. Rb1 Kf8 28. Rb7 Bb6 29. Rb8+ Kg7 30. h4 c4 31. Kf3 Rxf2+ 32. Ke4 f5+
33. Kxe5 Bc7+ 0-1

[Event "Challenge"]
[Site "http://www.queenalice.com/game.php?id=475149"]
[Date "2008.10.9"]
[Round "-"]
[White "Larusso"]
[Black "montelo"]
[Result "1-0"]
[WhiteElo "1557"]
[BlackElo "1594"]

1. e4 e5 2. Nf3 Nf6 3. Nc3 Bd6 4. d4 Nc6 5. Bc4 exd4 6. Nxd4 Bc5 7. Nxc6 bxc6 8.
e5 Ng4 9. Qxg4 d5 10. Qxg7 Ke7 11. Bg5+ Kd7 12. Bxd8 Rxd8 13. Qxf7+ Be7 14. Rd1
h6 15. Qf5+ Ke8 16. Qg6+ Kd7 17. e6+ Kd6 18. Qxh6 Bxe6 19. O-O Kc5 20. Qxe6 dxc4
21. Qxe7+ Kb6 22. Rxd8 Rxd8 23. Qxd8 a5 24. Qd4+ c5 25. Qf6+ Kb7 26. Qf3+ Kb6
27. Na4+ Kb5 28. Qa3 Ka6 29. Qxc5 Kb7 30. Qxa5 Kc8 31. Rd1 Kb7 32. Nc5+ Kc8 33.
Qa7 c3 34. Qb7# 1-0

[Event "Challenge"]
[Site "http://www.queenalice.com/game.php?id=477762"]
[Date "2008.10.15"]
[Round "-"]
[White "Larusso"]
[Black "HanoiTower"]
[Result "0-1"]
[WhiteElo "1559"]
[BlackElo "1938"]

1. e4 e5 2. Nf3 d6 3. Nc3 Bg4 4. Bc4 Nc6 5. O-O Nd4 6. d3 Bxf3 7. gxf3 Qh4 8.
Nd5 O-O-O 9. Nf4 g5 10. Ng2 Qh3 11. Bxg5 Nxf3+ 12. Kh1 Qxh2# 0-1

[Event "Challenge"]
[Site "http://www.queenalice.com/game.php?id=521837"]
[Date "2009.1.13"]
[Round "-"]
[White "Larusso"]
[Black "montelo"]
[Result "1/2-1/2"]
[WhiteElo "1595"]
[BlackElo "1641"]

1. e4 e5 2. Nf3 Nc6 3. Bc4 h6 4. O-O d6 5. d4 Qf6 6. Bb5 Qg6 7. d5 a6 8. dxc6
axb5 9. cxb7 Bxb7 10. Nfd2 Bc8 11. Qe2 Ra5 12. Nb3 Bh3 13. Qf3 Bg4 14. Qg3 Nf6
15. Nxa5 Nxe4 16. Qe3 f5 17. g3 f4 18. Qa7 Be2 19. Qb8+ Kd7 20. Nc3 Bxf1 21.
Nxe4 Qxe4 22. Kxf1 Qh1+ 23. Ke2 Qxh2 24. Qxb5+ Ke7 25. Nc6+ Kf7 26. Nd8+ Kg8 27.
Qe8 fxg3 28. Qf7+ Kh7 29. Be3 g2 30. Ne6 g1=Q 31. Rxg1 Qxg1 32. Nxf8+ Rxf8 33.
Qxf8 Qg6 34. c3 Qc2+ 35. Bd2 Qxb2 36. a4 h5 37. Qf5+ g6 38. Qf7+ Kh8 39. Qxg6
Qa2 40. f3 h4 41. a5 h3 42. Qh6+ Kg8 43. Qxh3 Qxa5 44. Qc8+ Kf7 45. Qd7+ Kg6 46.
c4 Qa2 47. Qxc7 Kf5 48. Qc6 Ke6 49. Qc8+ Ke7 50. Qg8 Qa6 51. Bg5+ Kd7 52. Qd8+
Kc6 53. Qe8+ Kc5 54. Qe6 Qxc4+ 55. Qxc4+ Kxc4 56. Ke3 Kd5 57. Bf6 Ke6 58. Bh8
Kd5 59. Bg7 Ke6 60. Bxe5 Kxe5 61. f4+ Kf5 62. Kf3 d5 63. Ke3 Kf6 64. Kd4 Kf5 65.
Kxd5 Kxf4 66. Kd6 Kf5 67. Kd7 Kf6 68. Kd8 Kf7 69. Kd7 Kf6 1/2-1/2

[Event "Challenge"]
[Site "http://www.queenalice.com/game.php?id=530631"]
[Date "2009.1.28"]
[Round "-"]
[White "Larusso"]
[Black "Aleqza"]
[Result "1-0"]
[WhiteElo "1598"]
[BlackElo "1652"]

1. e4 e5 2. Nf3 Bd6 3. d4 f6 4. Nc3 Bb4 5. dxe5 fxe5 6. Nxe5 Qf6 7. Ng4 Bxc3+ 8.
bxc3 Qxc3+ 9. Bd2 Qc6 10. Bd3 d6 11. O-O Na6 12. Qe2 Be6 13. e5 O-O-O 14. exd6
Qxd6 15. Ne5 Nc5 16. Bc4 Bxc4 17. Nxc4 Qe7 18. Rae1 Qxe2 19. Rxe2 h6 20. Ne5 Re8
21. Bb4 Nd7 22. Rfe1 Nxe5 23. Rxe5 Rxe5 24. Rxe5 Nf6 25. Be7 Re8 26. Bxf6 Rxe5
27. Bxe5 g5 28. f4 gxf4 29. Bxf4 h5 30. h3 Kd7 31. g4 hxg4 32. hxg4 c6 33. g5
Ke8 34. g6 Kf8 35. Be5 Kg8 36. g7 a5 37. a4 b5 38. axb5 cxb5 39. Kf1 b4 40. Ke1
a4 41. Kd2 b3 42. c3 a3 43. c4 b2 44. Kc2 1-0

[Event "Challenge"]
[Site "http://www.queenalice.com/game.php?id=536211"]
[Date "2009.2.6"]
[Round "-"]
[White "Larusso"]
[Black "montelo"]
[Result "0-1"]
[WhiteElo "1619"]
[BlackElo "1719"]

1. e4 e5 2. Nf3 Nf6 3. Nc3 Bc5 4. Bc4 Ng4 5. O-O Nxf2 6. Rxf2 Bxf2+ 7. Kxf2 c6
8. Nxe5 d5 9. exd5 Qf6+ 10. Nf3 cxd5 11. Nxd5 Qc6 12. Ne5 Qc5+ 13. d4 Qd6 14.
Nc3 f6 15. Nf7 Qc7 16. Nxh8 Qxc4 17. Qh5+ Kf8 18. Qxh7 Qxd4+ 19. Be3 Qd7 20.
Bc5+ Ke8 21. Ng6 Qf5+ 22. Kg1 Qxc5+ 23. Kh1 Bf5 24. Qg8+ Kd7 25. Rd1+ Kc7 26.
Nd5+ Kc6 27. Qc8+ Bxc8 28. Nge7+ Kd7 29. Nxf6+ Kxe7 30. Nd5+ Kf8 31. Rf1+ Kg8
32. Nf4 Qf5 33. Rd1 Qxf4 0-1